000 00740nam a22002297a 4500
005 20170124110033.0
010 _aA-709715
020 _c280.00
_a0195625439
035 _aA-709715
037 _bCen Lib/Ret
040 _aDPL
_bEN
082 _a301.153
_bESS
245 _aThe essential writings of Mahatma Gandhi /
_cedited by Raghavan Iyer
260 _aNew Delhi
_bOxford University Press
_c1991
270 _aYMCA Library Building, Jai Singh Road
_bNew Delhi
_e110001
300 _axvi,441p.
_c22cm(Hb)
500 _aIncludes index and bibliography
650 _aPolitical and social views
_97882
650 _aPolitical science
_922132
700 _aIyer, Raghavan
_922128
942 _2ddc
_cEN
_h301.153
_mESS
999 _c127999
_d127999